000
00328nam a2200133 a 4500
005
20140513081052.0
008
030203s19uu xx 00 eng d
050
_a
P 535.6
_b
MIX 2001
245
_a
Mixing colors.
260
_b
Mabuahy Boardgames,
_c
2001.
300
_a
Poster
650
_a
Color wheel--Posters
999
_c
116366
_d
116366